00322nam a2200133Ia 4500008004100000041000800041082001500049100001900064245002700083250001400110260002700124300003000151365000700181240624s9999 xx 000 0 und d aeng a332.63 PIN aPINTO JERALD E aEQUITY ASSET VALUATION a(2nd ed.) c2014aNew DelhibWiley axx, : 441 : p. : cm. ; 24 cRS